00257nam a2200109Ia 4500008004100000100001800041245002500059260002500084260000900109546001200118999001700130170619s9999 xx 000 0 und d aKumar- Ranjit 0aResearch Methodology bN Delhi : Sage Pub. c2013 aENGLISH c21661d21661